000 00483nam a2200181Ia 4500
001 3268
005 20260306144908.0
008 260306t1995||||xx |||||||||||||| ||spa||
041 _aESP
082 _a262.91
_bJ81U
100 _aJuan Pablo II, Papa
_eAUT
245 0 _aCarta encíclica ut unum sint del Santo Padre Juan Pablo II sobre el empeño ecuménico
260 _c1995
300 _a115 páginas :
_c20 cm.
650 _aGEN
654 _aCHU
942 _cLIB
_dJUS
_fJUS
_2ddc
_n
999 _c3268
_d3268